000 00649cam a22002293a 4500
001 20073
003 PGUSA
005 20140828083426.0
008 061209s2006||||xxu|||||s|||||000 | eng d
040 _aPGUSA
_beng
042 _adc
050 4 _aQA
100 1 _aCarmichael, R. D.
_q(Robert Daniel),
_d1879-1967
245 1 0 _aDiophantine Analysis
_h[electronic resource] /
_cR. D. Carmichael
260 _bProject Gutenberg,
_c2006
506 _aPublic domain in the USA.
516 _aElectronic text
653 _aDiophantine analysis
830 0 _aProject Gutenberg
_v20073
856 4 0 _uhttp://www.gutenberg.org/ebooks/20073
942 _cEB
999 _c249328
_d249328